| 000 | 00882cam a22002897a 4500 | ||
|---|---|---|---|
| 003 | CHAP | ||
| 005 | 20220329141746.0 | ||
| 008 | 971013s1939 r 00010 d | ||
| 010 | _a73413 | ||
| 011 | _a74385 | ||
| 035 | _a83944 | ||
| 040 | _cCHAP | ||
| 090 | _aFolleto 366 | ||
| 100 | 0 | 0 |
_aBarreda, Leopoldo de la. _910358 |
| 245 | 1 | 4 | _aLas plagas en la casa del campesino ; manera de combatirlas |
| 260 |
_aMéxico, D. F. : _bDAPP, _c1939 |
||
| 300 |
_a54 p. _b: ilus. |
||
| 590 |
_aBATCH-UPD _b10 _c20130110 _lUCH01 _h0543 |
||
| 590 |
_aBATCH-UPD _b10 _c20130410 _lUCH01 _h0224 |
||
| 590 |
_aBATCH-UPD _b10 _c20130914 _lUCH01 _h0026 |
||
| 590 |
_aCONVERSION _b10 _c20130109 _lUCH01 _h1340 |
||
| 650 | 1 | 4 |
_aAgricultura _xPlagas. _91764 |
| 710 | 0 |
_aInstituto Biotécnico. México. _959070 |
|
| 901 | _aBK | ||
| 942 | _cFOLL | ||
| 949 |
_aFolleto 366 _bBC _cFOLL _d-38956 _eTS1 _i83944 _si |
||
| 999 |
_c73413 _d73413 |
||